000 00291nam a2200121 a 4500
008 101026s1987|||| d
100 1 _aMarková, Jekaterina
245 1 0 _aZriekam sa svojho dieťaťa
260 _bSmena
_aBratislava
_c1987
020 _c14
041 _aslo
044 _axo
_cSK
999 _c12305
_d12305